000 01229nam a2200289 i 4500
003 EG-GICUC
005 20260306214852.0
008 260101s1977 ua ||||fr|||| 00| 0 ara d
040 _a EG-GICUC
_bara
_c EG-GICUC
_d EG-GICUC
_erda
041 0 _aara
082 0 4 _221
_a345.455
_bم ح . أ
092 0 4 _221
099 _aLaw1 07 345.455 م ح . أ 1977
100 0 _aمحمد فهيم أحمد
_eمؤلف.
245 1 0 _aأحكام النقض العمالية المدنية والجنائية :
_bفي نظام العاملين بالقطاع العام معلقا عليها في ضوء النصوص القانونية النظم العاملين بالقطاع العام المتعاقبة /
_cإعداد وتعليق محمد فهيم أمين.
264 1 _aالقاهرة :
_bعالم الكتب،
_c[1977].
300 _a160 ؛ صفحة
_c24 سم.
336 _2rda content
_atext
337 _2rda media
_aComputer
338 _2rda carrier
_aOnline Resource
546 _aالنص باللغة العربية
650 1 4 _aحماية المال العام
650 1 4 _aالقانون الإداري
856 4 0 _uhttps://fll.law.cu.edu.eg/fulltext/bks/B07-01999.pdf
905 _a77
942 _2ddc
_cBK
_e21
_n0
999 _c53937
_d53937